[Event "Hamburg-chT Landesliga 1819"]
[Site "Hamburg"]
[Date "2019.01.20"]
[Round "5.7"]
[White "Felten, Joachim"]
[Black "Seidel, Mika"]
[Result "0-1"]
[WhiteElo "2097"]
[BlackElo "1950"]
[PlyCount "76"]
[EventDate "2018.10.21"]
[EventType "team-tourn"]
[EventRounds "9"]
[EventCountry "GER"]
[SourceTitle "EXT 2020"]
[Source "ChessBase"]
[SourceDate "2019.10.17"]
[SourceVersion "1"]
[SourceVersionDate "2019.10.17"]
[SourceQuality "1"]
[WhiteTeam "Grosshansdorf"]
[BlackTeam "Johanneum Eppendorf II"]
[WhiteTeamCountry "GER"]
[BlackTeamCountry "GER"]

1. e4 c5 2. Nf3 e6 3. d4 cxd4 4. Nxd4 a6 5. Bd3 Qc7 6. 0-0 Nf6 7. Qe2 d6 8. c4 Be7 9. Nc3 Nbd7 10. Be3 0-0 11. Rac1 b6 12. b3 Bb7 13. f3 Rfe8 14. g4 Ne5 15. Bb1 Bf8 16. Qf2 g6 17. Nde2 Nfd7 18. h3 Bg7 19. Rfd1 Rac8 20. Nd4 Qb8 21. Na4 Ba8 22. Qf1 d5 23. f4 Nc6 24. cxd5 exd5 25. e5 Nxd4 26. Bxd4 Rxc1 27. Rxc1 f6 28. exf6 Bxf6 29. Qf2 b5 30. Bxf6 Nxf6 31. Nc5 Qd6 32. Rd1 d4 33. b4 Qd5 34. Kh2 a5 35. Rxd4 Qh1+ 36. Kg3 Qxb1 37. bxa5 Qc1 38. Rb4 Qc3+ 0-1

[Event "Hamburg-chT Landesliga 1718"]
[Site "Hamburg"]
[Date "2018.04.22"]
[Round "9.4"]
[White "Seidel, Mika"]
[Black "Kirsch, Sergius"]
[Result "1/2-1/2"]
[WhiteElo "1955"]
[BlackElo "2014"]
[PlyCount "33"]
[EventDate "2017.10.08"]
[EventType "team-tourn"]
[EventRounds "9"]
[EventCountry "GER"]
[SourceTitle "EXT 2021"]
[Source "ChessBase"]
[SourceDate "2020.10.23"]
[SourceVersion "1"]
[SourceVersionDate "2020.10.23"]
[SourceQuality "1"]
[WhiteTeam "Johanneum Eppendorf II"]
[BlackTeam "Hamburger SK IV"]
[WhiteTeamCountry "GER"]
[BlackTeamCountry "GER"]

1. c4 Nf6 2. g3 g6 3. Bg2 Bg7 4. Nf3 0-0 5. 0-0 d6 6. d4 Nc6 7. Nc3 e5 8. dxe5 Nxe5 9. Nxe5 dxe5 10. Qxd8 Rxd8 11. Bg5 Rd4 12. b3 c6 13. Rad1 Bf5 14. Be3 Rxd1 15. Rxd1 Ng4 16. Bc1 Rc8 17. h3 1/2-1/2

[Event "Oberliga Nord N 1415"]
[Site "Germany"]
[Date "2014.12.07"]
[Round "4.8"]
[White "Seidel, Mika"]
[Black "Kornrumpf, Joachim"]
[Result "1-0"]
[WhiteElo "1943"]
[BlackElo "2061"]
[PlyCount "101"]
[EventDate "2014.09.21"]
[EventType "team-tourn"]
[EventRounds "9"]
[EventCountry "GER"]
[SourceTitle "EXT 2016"]
[Source "ChessBase"]
[SourceDate "2015.10.08"]
[SourceVersion "1"]
[SourceVersionDate "2015.10.08"]
[SourceQuality "1"]
[WhiteTeam "Eppendorf Johanneum"]
[BlackTeam "Preetz"]
[WhiteTeamCountry "GER"]
[BlackTeamCountry "GER"]

1. c4 c5 2. Nf3 e6 3. Nc3 Nf6 4. d4 cxd4 5. Nxd4 a6 6. Nc2 Qc7 7. e4 Be7 8. Be2 d6 9. 0-0 Nbd7 10. Qd2 0-0 11. b3 b6 12. Ne3 Bb7 13. f3 Rac8 14. Bb2 Rfd8 15. Rac1 Qb8 16. Rfd1 Bf8 17. Qe1 Bc6 18. Qg3 b5 19. Bf1 Qb6 20. Qf2 Ne5 21. cxb5 axb5 22. Ng4 Qxf2+ 23. Nxf2 Rb8 24. Nxb5 Nxf3+ 25. gxf3 Bxb5 26. Rc7 Nd7 27. Ng4 Nc5 28. Ba3 Na6 29. Rc2 Bxf1 30. Kxf1 Nb4 31. Rcd2 Rdc8 32. Ne3 h6 33. Rd4 Nc2 34. Nxc2 Rxc2 35. R1d2 Rbc8 36. Bxd6 Rc1+ 37. Kg2 Bxd6 38. Rxd6 R8c3 39. Rd8+ Kh7 40. R8d7 Kg6 41. Ra7 Ra1 42. Rb2 Rcc1 43. b4 Rg1+ 44. Kf2 Rae1 45. b5 f5 46. exf5+ exf5 47. b6 f4 48. b7 Rgf1+ 49. Kg2 Rg1+ 50. Kh3 Kh5 51. b8Q 1-0

[Event "Lueneburg blitz op"]
[Site "Lueneburg"]
[Date "2013.07.22"]
[Round "?"]
[White "Fries Nielsen, Jens Ove"]
[Black "Seidel, Mika"]
[Result "1-0"]
[WhiteElo "2381"]
[BlackElo "1883"]
[PlyCount "42"]
[EventDate "2013.07.22"]
[EventType "swiss (blitz)"]
[EventRounds "9"]
[EventCountry "GER"]
[SourceTitle "EXT 2024"]
[Source "ChessBase"]
[SourceDate "2023.10.10"]
[SourceVersion "1"]
[SourceVersionDate "2023.10.10"]
[SourceQuality "1"]

1. d4 Nf6 2. Nc3 d5 3. Bf4 g6 4. Qd2 Nbd7 5. Nb5 e5 6. dxe5 Nh5 7. e6 Nxf4 8. Qxf4 fxe6 9. Nxc7+ Ke7 10. Nxa8 Bg7 11. Qb4+ Kf7 12. Nf3 h6 13. e4 dxe4 14. Nd4 Nf6 15. Bc4 Nd5 16. Bxd5 Qxd5 17. Nb5 Bf8 18. Qb3 a6 19. Nc3 Qc6 20. Nb6 e3 21. fxe3 Qxg2 1-0

[Event "Lueneburg blitz op"]
[Site "Lueneburg"]
[Date "2013.07.22"]
[Round "?"]
[White "Thanisch, Matthias"]
[Black "Seidel, Mika"]
[Result "1/2-1/2"]
[WhiteElo "2026"]
[BlackElo "1883"]
[PlyCount "60"]
[EventDate "2013.07.22"]
[EventType "swiss (blitz)"]
[EventRounds "9"]
[EventCountry "GER"]
[SourceTitle "EXT 2024"]
[Source "ChessBase"]
[SourceDate "2023.10.10"]
[SourceVersion "1"]
[SourceVersionDate "2023.10.10"]
[SourceQuality "1"]

1. d4 Nf6 2. Nf3 g6 3. g3 Bg7 4. Bg2 0-0 5. c4 d5 6. cxd5 Nxd5 7. 0-0 Nb6 8. Nc3 Nc6 9. e3 e5 10. d5 Ne7 11. e4 f5 12. Bg5 h6 13. Bxe7 Qxe7 14. exf5 Bxf5 15. Nh4 Rad8 16. Qb3 Kh7 17. Rad1 e4 18. Rfe1 Qc5 19. Nxe4 Bxe4 20. Bxe4 Qxf2+ 21. Kh1 Rd6 22. Qd3 Qxb2 23. Nxg6 Rf2 24. Nf4+ Kg8 25. Bg2 Rd8 26. Re7 Nxd5 27. Rde1 Nxe7 28. Qxd8+ Kh7 29. Qd1 Qc2 30. Qxc2+ Rxc2 1/2-1/2

[Event "Hamburg CupT"]
[Site "Hamburg"]
[Date "2012.02.18"]
[Round "1.4"]
[White "Seidel, Mika"]
[Black "Reuter, Maximilian"]
[Result "0-1"]
[WhiteElo "1787"]
[BlackElo "1729"]
[PlyCount "44"]
[EventDate "2012.02.18"]
[EventType "team-k.o."]
[EventRounds "4"]
[EventCountry "GER"]
[SourceTitle "EXT 2022"]
[Source "ChessBase"]
[SourceDate "2021.10.06"]
[SourceVersion "1"]
[SourceVersionDate "2021.10.06"]
[SourceQuality "1"]
[WhiteTeam "Johanneum Eppendorf II"]
[BlackTeam "Blankenese II"]
[WhiteTeamCountry "GER"]
[BlackTeamCountry "GER"]

1. c4 e5 2. Nc3 f5 3. g3 Nf6 4. Bg2 Nc6 5. d3 d6 6. e3 Be7 7. Nge2 0-0 8. 0-0 Be6 9. a3 Qd7 10. b4 a6 11. Bd2 Rab8 12. Nd5 e4 13. dxe4 fxe4 14. Nef4 Bg4 15. Qc2 Ne5 16. Nxf6+ Bxf6 17. Qxe4 c6 18. Rac1 Bf5 19. Qd4 Nf3+ 20. Bxf3 Bxd4 21. exd4 g5 22. Ng2 Bd3 0-1

[Event "Hamburg St Pauli op-A"]
[Site "Hamburg"]
[Date "2011.07.13"]
[Round "6"]
[White "Nixdorf, Andre"]
[Black "Seidel, Mika"]
[Result "1/2-1/2"]
[WhiteElo "1974"]
[BlackElo "1869"]
[PlyCount "87"]
[EventDate "2011.07.09"]
[EventType "swiss"]
[EventRounds "9"]
[EventCountry "GER"]
[SourceTitle "CBM 143 Extra"]
[Source "ChessBase"]
[SourceDate "2011.08.29"]
[SourceVersion "1"]
[SourceVersionDate "2011.08.29"]
[SourceQuality "1"]

1. e4 c5 2. Nf3 e6 3. Nc3 a6 4. d4 cxd4 5. Nxd4 Qc7 6. Be3 Bb4 7. Bd2 Nf6 8. Bd3 0-0 9. 0-0 b5 10. Ncxb5 Qc5 11. Nb3 Qe7 12. Nc3 Bb7 13. Qe2 d6 14. a3 Bxc3 15. Bxc3 Nbd7 16. Rad1 Rfc8 17. Na5 Nc5 18. e5 Nd5 19. Bd2 Nxd3 20. Qxd3 dxe5 21. c4 Nf6 22. Bg5 Bc6 23. b4 Ba4 24. Rde1 h6 25. Bxf6 Qxf6 26. Qe4 Rd8 27. Qxe5 Qxe5 28. Rxe5 Rd3 29. Re3 Rxe3 30. fxe3 Rd8 31. Rc1 Kf8 32. Rc3 Ke7 33. Kf2 Rd2+ 34. Kf1 g5 35. h3 h5 36. Nb3 Bxb3 37. Rxb3 Rc2 38. c5 Kd7 39. Rd3+ Kc7 40. Rd6 a5 41. Ra6 axb4 42. axb4 Kb7 43. Rd6 Kc7 44. Ra6 1/2-1/2

[Event "Hamburg-chA"]
[Site "Hamburg"]
[Date "2010.05.22"]
[Round "1.2"]
[White "Bahr, Peter"]
[Black "Seidel, Mika"]
[Result "1/2-1/2"]
[WhiteElo "1809"]
[BlackElo "1726"]
[PlyCount "120"]
[EventDate "2010.05.22"]
[EventType "swiss"]
[EventRounds "9"]
[EventCountry "GER"]
[SourceTitle "EXT 2011"]
[Source "ChessBase"]
[SourceDate "2010.11.26"]
[SourceVersion "1"]
[SourceVersionDate "2010.11.26"]
[SourceQuality "1"]

1. d4 Nf6 2. Nf3 g6 3. c4 Bg7 4. Nc3 d5 5. Qb3 dxc4 6. Qxc4 a6 7. Bf4 c6 8. e4 b5 9. Qb3 0-0 10. Rd1 Qa5 11. Bd3 Be6 12. Qa3 Qxa3 13. bxa3 Rd8 14. Bc7 Rc8 15. Ba5 Nbd7 16. h3 Nf8 17. 0-0 Nh5 18. Rfe1 Nf4 19. Bf1 Nd7 20. Kh2 Rab8 21. g3 Nh5 22. Ng5 Nb6 23. Nxe6 fxe6 24. e5 c5 25. d5 exd5 26. Nxd5 Nxd5 27. Rxd5 c4 28. Bc3 Bh6 29. Red1 Ng7 30. h4 Ne6 31. Bh3 Rc6 32. f4 Nc5 33. Bg2 Rc7 34. Rd8+ Rxd8 35. Rxd8+ Kf7 36. Ba5 Rd7 37. Rc8 Nd3 38. Rc6 Nxf4 39. gxf4 Bxf4+ 40. Kg1 Bxe5 41. Bb4 Rd1+ 42. Kf2 Rc1 43. Be4 Ra1 44. Rxa6 Rxa2+ 45. Kf3 Rh2 46. Kg4 Bf6 47. Bd5+ Kg7 48. Be1 Re2 49. Bg3 Rd2 50. Be4 Ra2 51. Rb6 Rxa3 52. Rxb5 h5+ 53. Kh3 Re3 54. Bb1 c3 55. Rc5 Bd4 56. Rc6 e6 57. Kg2 Re2+ 58. Kf3 Re3+ 59. Kg2 Kf6 60. Rc4 Be5 1/2-1/2

[Event "Hamburg-ch U20"]
[Site "Schoenhagen"]
[Date "2009.03.18"]
[Round "8"]
[White "Bracker, Arne"]
[Black "Seidel, Mika"]
[Result "1-0"]
[WhiteElo "2186"]
[BlackElo "1806"]
[PlyCount "55"]
[EventDate "2009.03.12"]
[EventType "tourn"]
[EventRounds "11"]
[EventCountry "GER"]
[SourceTitle "EXT 2010"]
[Source "ChessBase"]
[SourceDate "2010.11.25"]
[SourceVersion "1"]
[SourceVersionDate "2010.11.25"]
[SourceQuality "1"]

1. d4 Nf6 2. c4 g6 3. Nc3 d5 4. cxd5 Nxd5 5. Bd2 Bg7 6. e4 Nxc3 7. Bxc3 c5 8. d5 Bxc3+ 9. bxc3 0-0 10. Qd2 b6 11. Nf3 Kg7 12. h4 h5 13. c4 Na6 14. Qc3+ Kh7 15. g3 Qd7 16. Bg2 Qa4 17. 0-0 Nc7 18. Rfe1 Bg4 19. Ne5 Bc8 20. Nc6 Re8 21. Qe5 Na6 22. Qf4 Kg7 23. e5 Nb4 24. Nxe7 Nd3 25. Qf6+ Kh6 26. Qxf7 Bf5 27. Nxf5+ gxf5 28. Qf6+ 1-0